Windows presentation graphics / (Record no. 21084)
[ view plain ]
| 000 -LEADER | |
|---|---|
| fixed length control field | 00626nam a2200241 a 4500 |
| 005 - DATE AND TIME OF LATEST TRANSACTION | |
| control field | 20140310183306.0 |
| 008 - FIXED-LENGTH DATA ELEMENTS--GENERAL INFORMATION | |
| fixed length control field | 040916s19uu xx 00 eng d |
| 050 ## - LIBRARY OF CONGRESS CALL NUMBER | |
| Classification number | T 385 |
| Item number | .C932 2005 |
| 100 ## - MAIN ENTRY--PERSONAL NAME | |
| Personal name | Crisostomo, Conchita C. |
| 245 ## - TITLE STATEMENT | |
| Title | Windows presentation graphics / |
| Statement of responsibility, etc | Conchita C. Crisostomo. |
| 260 ## - PUBLICATION, DISTRIBUTION, ETC. (IMPRINT) | |
| Place of publication, distribution, etc | [Manila] : |
| Name of publisher, distributor, etc | 3K-IT Educational Services, |
| Date of publication, distribution, etc | 2005. |
| 300 ## - PHYSICAL DESCRIPTION | |
| Extent | 132 p. : |
| Other physical details | ill. ; |
| Dimensions | 23 cm. |
| 521 ## - TARGET AUDIENCE NOTE | |
| Target audience note | |
| 650 ## - SUBJECT ADDED ENTRY--TOPICAL TERM | |
| Topical term or geographic name as entry element | Computer graphics. |
| 942 ## - ADDED ENTRY ELEMENTS (KOHA) | |
| Koha item type | Books |
| Source of classification or shelving scheme | Library of Congress Classification |
| Call number prefix | Local |
| Withdrawn status | Lost status | Source of classification or shelving scheme | Damaged status | Home library | Current library | Shelving location | Date acquired | Source of acquisition | Total Checkouts | Full call number | Barcode | Date last seen | Copy number | Price effective from | Koha item type |
|---|---|---|---|---|---|---|---|---|---|---|---|---|---|---|---|
| Library of Congress Classification | Archives | Archives | 10/17/2006 | Donation | T 385 .C932 2005 | C7780 | 05/15/2018 | 1 | 10/10/2013 | Books | |||||
| Library of Congress Classification | Archives | Archives | 12/02/2013 | Donation | T 385 .C932 2005 | C7670 | 05/15/2018 | 3 | 12/02/2013 | Books | |||||
| Library of Congress Classification | Archives | Archives | 12/02/2013 | Donation | T 385 .C932 2005 | C7669 | 05/15/2018 | 5 | 12/02/2013 | Books | |||||
| Library of Congress Classification | Archives | Archives | 12/02/2013 | Donation | T 385 .C932 2005 | C7668 | 05/15/2018 | 6 | 12/02/2013 | Books | |||||
| Library of Congress Classification | College Library | College Library | General Circulation Section | 12/02/2013 | T 385 .C932 2005 | C6118 | 05/15/2018 | 2 | 12/02/2013 | Books | |||||
| Library of Congress Classification | College Library | College Library | General Circulation Section | 12/02/2013 | T 385 .C932 2005 | C7667 | 05/15/2018 | 4 | 12/02/2013 | Books | |||||
| Library of Congress Classification | College Library | College Library | General Circulation Section | 12/02/2013 | T 385 .C932 2005 | C6609 | 05/15/2018 | 7 | 12/02/2013 | Books |